Genèse de l'espace équatorien: essai sur le territoire et la formation de l'état national

محفوظ في:
التفاصيل البيبلوغرافية
المؤلف الرئيسي: Deler, Jean-Paul (مؤلف)
التنسيق: كتاب
اللغة:الفرنسية
منشور في: París Institut Francais d'Etudes Andines 1981
سلاسل:Recherche sur les grandes civilisations. Synthèse, 4
الموضوعات:
الوسوم: إضافة وسم
لا توجد وسوم, كن أول من يضع وسما على هذه التسجيلة!

MARC

LEADER 00000nam a2200000 a 4500
001 UCU1960
003 CL-VaPUC
008 960419e19810000FR |||||||||||||||||fre|d
082 0 4 |a 320.12  |b DEL  |2 21 
100 |a Deler, Jean-Paul  |e author  |9 357763 
245 1 0 |a Genèse de l'espace équatorien: essai sur le territoire et la formation de l'état national 
300 |a 279 p 
942 |c BK 
945 |d 19960419 00:00:00  |a cmena 
260 |a París  |b Institut Francais d'Etudes Andines  |c 1981 
650 0 |a Geografía  |9 259346 
650 0 |a Geografía política  |9 268296 
650 0 |a Historia americana   |9 353864 
650 0 |a Doctrinas políticas  |9 255835 
650 0 |a Ideologías  |9 255200 
650 0 |a Mapas  |9 260844 
651 0 |a América del Sur  |9 260128 
583 |a last modification  |c 19960419 00:00:00  |k Rodrigo Vera 
490 0 |a Recherche sur les grandes civilisations. Synthèse, 4 
999 |c 246379  |d 246377 
952 |0 0  |1 0  |4 0  |6 320_120000000000000_DEL_1981  |7 0  |8 A  |9 261313  |a BIBING  |b BIBING  |d 2019-11-19  |i 1641301  |o 320.12 DEL 1981  |p 1641301  |r 2025-01-20  |w 2019-11-19  |y BK  |k GEO